Hormigon armado: Conceptos básicos y diseño de elementos con aplicación del reglamento CIROL201-2005 / Oscar Möller (Registro nro. 11508)

Detalles MARC
000 -LEADER
fixed length control field 00614nam a22002051a 4500
001 - CONTROL NUMBER
control field 11508
003 - CONTROL NUMBER IDENTIFIER
control field OSt
005 - DATE AND TIME OF LATEST TRANSACTION
control field 20260204212245.0
008 - FIXED-LENGTH DATA ELEMENTS--GENERAL INFORMATION
fixed length control field 121119s2007||||ag ||||||b||||||||||spa||
020 ## - NUMERO DE LIBRO INTERNACIONAL NORMALIZADO
International Standard Book Number 9506734747
050 ## - LIBRARY OF CONGRESS CALL NUMBER
Classification number 624.18341 M736h
100 ## - ASIENTO PRINCIPAL -- NOMBRE PERSONAL
Personal name Möller, Oscar
245 ## - TÍTULO PROPIAMENTE DICHO: SUBTÍTULO
Title Hormigon armado: Conceptos básicos y diseño de elementos con aplicación del reglamento CIROL201-2005 / Oscar Möller
250 ## - MENCIÓN DE EDICIÓN
Edition statement 3
264 ## - PRODUCTION, PUBLICATION, DISTRIBUTION, MANUFACTURE, AND COPYRIGHT NOTICE
Place of production, publication, distribution, manufacture Argentina: Universidad NAcional de Rosario
300 ## - PHYSICAL DESCRIPTION
Extensión 275 p
500 ## - GENERAL NOTE
General note Incluye bibliografía
650 ## - ASIENTO SECUNDARIO DE MATERIA -- TERMINO TEMÁTICO
Termino Temático Como Elemento de Entrada Hormigon Armado - Diseño EstructuralÌ
942 ## - ADDED ENTRY ELEMENTS (KOHA)
Source of classification or shelving scheme Dewey Decimal Classification
Koha item type Libros
Existencias
Withdrawn status Lost status Source of classification or shelving scheme Damaged status Not for loan Current library Date acquired Total Checkouts Full call number Barcode Date last seen Price effective from Koha item type
    Dewey Decimal Classification     Biblioteca UTECO 09/09/2019   624.18341 M736H 016515 09/09/2019 09/09/2019 Libros
    Dewey Decimal Classification     Biblioteca UTECO 09/09/2019   624.18341 M736H 016516 09/09/2019 09/09/2019 Libros
    Dewey Decimal Classification     Biblioteca UTECO 09/09/2019   624.18341 M736H 016517 09/09/2019 09/09/2019 Libros
© 2021 Derechos Reservados UTECO - Teléfono: +1 809-585-2291 - Correo electrónico: biblioteca@uteco.edu.do​  
Código postal 43000 ​​
Dirección: Avenida Universitaria No. 100, 
Cotuí, Provincia Sánchez Ramírez, República Dominicana - RNC: 404-00059-6